| 000 | 00837nam a2200265 i 4500 | ||
|---|---|---|---|
| 001 | bg | ||
| 100 | 1 | _aGOLNAU, Wiesław. | |
| 245 | 1 | 0 |
_aZarządzanie zasobami ludzkimi : _bpraca zbiorowa / _cpod red. Wiesława Golnau ; Wieslaw Golnau, Marek Kalinowski, Joanna Litwin. |
| 260 |
_aWarszawa : _bCeDeWu, _c2004. |
||
| 300 |
_a424 s. ; _c24 cm. |
||
| 504 | _aBibliogr. przy rozdz. | ||
| 650 | 9 |
_aKadry _xpolityka |
|
| 650 | 9 |
_aPrzedsiębiorstwo _xzatrudnienie |
|
| 655 | _aPodręczniki akademickie | ||
| 700 | 1 | _aKALINOWSKI, Marek | |
| 700 | 1 | _aLITWIN, Joanna | |
| 020 | _a8387885665 | ||
| 040 | _cBPK | ||
| 041 | 0 | _apol | |
| 080 | _a658.3.012.4(075.8) | ||
| 920 | _a83-87885-66-5 | ||
| 942 | _cKS | ||
| 008 | s pl f |000 0 pol | ||
| 999 |
_c45162 _d45162 |
||
| 856 |
_uhttp://koha.tu.koszalin.pl/cgi-bin/koha/opac-detail.pl?biblionumber=45162 _yKatalog online BPK |
||